| 000 | 00953cab a2200313 4500 | ||
|---|---|---|---|
| 001 | ABS59661 | ||
| 008 | 090401t1998 xxu||||| |||| 00| 0 eng d | ||
| 035 | _a(Sirsi) u90002 | ||
| 041 | _aeng | ||
| 100 | _aKhatri, M. | ||
| 245 | _aMonetary union and its impact on UK housing | ||
| 260 | _c1998 | ||
| 350 | _a0 | ||
| 490 |
_aCSM _bChartered Surveyor Monthly _v8(3/4) November/December 1998, 38-39(2) |
||
| 520 | _aHighlights the possible effects on the housing market, and housing finance and demand, if the UK signs up to the single European currency. | ||
| 650 | _aEXCHANGE RATE MECHANISM | ||
| 650 | _aHOUSING FINANCE | ||
| 650 | _aHOUSING MARKET | ||
| 650 | _aINFLATION | ||
| 650 | _aMONETARY UNION | ||
| 650 | _aREGIONAL DIFFERENCES | ||
| 650 | _aRENTING | ||
| 650 | _aSINGLE INTEREST RATE | ||
| 650 | _aUK MORTGAGE DEBT | ||
| 690 | _aEUROPE-SINGLE MARKET | ||
| 700 | _aThoday, Corin | ||
| 942 | _n0 | ||
| 948 | _c27/11/1998 | ||
| 999 |
_c56992 _d56992 |
||